000 04734cam a22018134i 4500
003 PE-LiUPU
005 20250813165432.0
008 170605s2005 xxua r 001 0 eng d
020 _a1587143712
020 _a9781587143717
035 _a(Sirsi) a204267
040 _aPE-LiUPU
_bspa
_cPE-LiUPU
_dPE-LiUPU
_erda
049 _aPRUA
082 0 4 _a658.05
_bA28
_220
100 1 _aAlger, Douglas.,
_eautor.
245 1 0 _aBuild the best data center facility for your business /
_cDouglas Alger.
264 1 _aIndianapolis, Ind. :
_bCisco,
_c2005.
300 _axxiii, 374 páginas :
_bilustraciones ;
_c24 centimetros
336 _atext
_2rdacontent
337 _aunmediated
_2rdamedia
338 _avolume
_2rdacarrier
504 _aÍndices: páginas 360-374.
505 0 _aApproaching the data center project -- Ch. 2. Choosing an optimal site -- Ch. 3. Quantifying data center space -- Ch. 4. Laying out the data center -- Ch. 5. Overhead or under-floor installation? -- Ch. 6. Creating a robust electrical system -- Ch. 7. Designing a scalable network infrastructure -- Ch. 8. Keeping it cool -- Ch. 9. Removing skeletons from your server closet -- Ch. 10. Organizing your way to an easier job -- Ch. 11. Labeling and signage -- Ch. 12. Stocking and standardizing -- Ch. 13. Safeguarding the servers -- Ch. 14. Mapping, monitoring, and metrics -- Ch. 15. Maintaining a world-class environment.
526 _aP203
526 _aP200
526 _aSEG65
526 _aSEG64
526 _aSEG63
526 _aSEG62
526 _aSEG61
526 _aSEG60
526 _aSEG59
526 _aSEG58
526 _aSEG57
526 _aSEG56
526 _aSEG55
526 _aSEG54
526 _aSEG53
526 _aSEG52
526 _aSEG51
526 _aSEG50
526 _aSEG49
526 _aSEG48
526 _aSEG47
526 _aSEG46
526 _aSEG24
526 _aSEG23
526 _aSEG22
526 _aSEG21
526 _aSEG20
526 _aSEG19
526 _aSEG18
526 _aSEG17
526 _aSEG16
526 _aSEG14
526 _aSEG13
526 _aSEG12
526 _aSEG11
526 _aSEG10
526 _aSEG09
526 _aSEG06
526 _aSEG05
526 _aSEG04
526 _aSEG03
526 _aSEG02
526 _aSEG68
526 _aSEG66
526 _aSEG45
526 _aSEG25
526 _aSEG01
526 _aP163
526 _aP162
526 _aP161
526 _aP160
526 _aP159
526 _aP158
526 _aP157
526 _aP156
526 _aP155
526 _aP154
526 _aP153
526 _aP152
526 _aP151
526 _aP150
526 _aP149
526 _aP142
526 _aP141
526 _aP140
526 _aP139
526 _aP138
526 _aP137
526 _aP132
526 _aP131
526 _aP130
526 _aP126
526 _aP125
526 _aP124
526 _aP123
526 _aP115
526 _aP122
526 _aP121
526 _aP116
526 _a P114
526 _aP112
526 _aP111
526 _aP104
526 _aP103
526 _aP102
526 _aP101
526 _aP100
526 _aP96
526 _aP95
526 _aP93
526 _aP92
526 _aP91
526 _aP88
526 _aP83
526 _aP82
526 _aP79
526 _aP78
526 _aP75
526 _aP74
526 _aP71
526 _aP69
526 _a P51
526 _aP49
526 _aP48
526 _aP47
526 _aP33
526 _aP31
526 _a P30
526 _aP29
526 _aP27
526 _aP26
526 _aP25
526 _aP24
526 _a P22
526 _aP10
526 _aP09
526 _a P08
526 _aP06
526 _aP05
526 _aP04
526 _aP01
541 _g001-003373;
650 7 _aEmpresa de negocios
_xComputer networks
_xAdministración.
650 7 _aDepartamentos de procesamiento electrónico de datos
_xAdministración.
910 _ajck
_bjvq
_cjpc
_d20170605
942 _2ddc
_cBOOK
949 _a658.05 A28
_wDEWEY
_c1
_i76186
_lCATALOGING
_mBUL
_p55.00
_r0
_sY
_tBOOK
_u2017-06-05
_xINGENIERIA
_PP27
_0COMPRA
_o.CIRCNOTE. El documento es de alto precio.
_o.STAFF. Colección Ciencias Empresariales
994 _aC0
_bPEPRU
596 _a1
999 _a658.05 A28
_wDEWEY
_c20635
_i76186
_d20635
_f2021-11-8
_g4
_lCCODEBUL1
_mBUL
_p55.00
_r0
_sY
_tBOOK
_u2017-6-5
_xFCE
_zP27
_0COMPRA
_o.STAFF. Colección Ciencias Empresariales
980 _81
_gALBERTO SANCHEZ Responsable de Automatización